Normal view
MARC view
- Vetter, Thomas
Entry Personal Name
001 - CONTROL NUMBER
- control field: 18191
003 - CONTROL NUMBER IDENTIFIER
- control field: OSt
005 - DATE AND TIME OF LATEST TRANSACTION
- control field: 20161208113627.0
008 - FIXED-LENGTH DATA ELEMENTS
- fixed length control field: 161208|| aca||aabn | a|a d
040 ## - CATALOGING SOURCE
- Original cataloging agency: OSt
100 ## - HEADING--PERSONAL NAME
- Personal name: Vetter, Thomas
- Relator term: Author
